Includes bibliographies (Record no. 15375)

000 -LEADER
fixed length control field 00588nam a22002171 4500
001 - CONTROL NUMBER
control field 15375
003 - CONTROL NUMBER IDENTIFIER
control field BD-DhUET
008 - FIXED-LENGTH DATA ELEMENTS--GENERAL INFORMATION
fixed length control field 731030m19621966njua b 000 0 eng
040 ## - CATALOGING SOURCE
Original cataloging agency DLC
Transcribing agency DLC
Modifying agency BD-DhUET
082 00 - DEWEY DECIMAL CLASSIFICATION NUMBER
Classification number 543
Item number FUR/1966
100 ## - MAIN ENTRY--PERSONAL NAME
Personal name Furman, N. Howell
245 00 - TITLE STATEMENT
Title Includes bibliographies
250 ## - EDITION STATEMENT
Edition statement 6th ed.
260 ## - PUBLICATION, DISTRIBUTION, ETC. (IMPRINT)
Place of publication, distribution, etc. New York
Name of publisher, distributor, etc. Van Nostrand Reinhold
Date of publication, distribution, etc. 1966
300 ## - PHYSICAL DESCRIPTION
Extent xi, (975-2018)p.
Other physical details ill.
500 ## - GENERAL NOTE
General note Vol.3 (Instrumental methods)
Part. B
504 ## - BIBLIOGRAPHY, ETC. NOTE
Bibliography, etc Includes bibliographies
650 #0 - SUBJECT ADDED ENTRY--TOPICAL TERM
Topical term or geographic name as entry element Chemistry, Analytic
700 ## - ADDED ENTRY--PERSONAL NAME
Personal name Welcher, Frank J.
942 ## - ADDED ENTRY ELEMENTS (KOHA)
Koha item type Edited Book
Holdings
Location (home branch) Date acquired Koha normalized classification for sorting Not for loan Copy number Sublocation or collection (holding branch) Withdrawn status Lost status Damaged status Koha full call number Price effective from Piece designation (barcode) Shelving location Koha date last seen Source of classification or shelving scheme Koha item type
Central Library, BUET2015-03-12543_000000000000000_FUR_1966 1Central Library, BUET   543/FUR/19662015-03-1228818Circulation section2015-03-12 Edited Book
Central Library, BUET2015-03-12543_000000000000000_FUR_1966 2Central Library, BUET   543/FUR/19662015-03-1228828Circulation section2015-03-12 Edited Book
Central Library, BUET2015-03-12543_000000000000000_FUR_1966 4Central Library, BUET   543/FUR/19662015-03-1228836Circulation section2015-03-12 Edited Book
Central Library, BUET2015-03-12543_000000000000000_FUR_1966 5Central Library, BUET   543/FUR/19662015-03-1228831Circulation section2015-03-12 Edited Book
Central Library, BUET2015-03-12543_000000000000000_FUR_1966 6Central Library, BUET   543/FUR/19662015-03-1238894Circulation section2015-03-12 Edited Book
Central Library, BUET2015-03-12543_000000000000000_FUR_1966 7Central Library, BUET   543/FUR/19662015-03-1228827Circulation section2018-02-20 Edited Book
Central Library, BUET2015-03-12543_000000000000000_FUR_1966 8Central Library, BUET   543/FUR/19662015-03-1228837Circulation section2015-03-12 Edited Book
Central Library, BUET2015-03-12543_000000000000000_FUR_1966 9Central Library, BUET   543/FUR/19662015-03-1228826Circulation section2015-03-12 Edited Book
Central Library, BUET2015-03-12543_000000000000000_FUR_1966 10Central Library, BUET   543/FUR/19662015-03-1228832Circulation section2015-03-12 Edited Book